Снегът зеленина сънува (Запис номер 196684)
[ съкратено ]
| 000 -Лидер | |
|---|---|
| Контролно поле с фиксирана дължина | 01232nam a2200289 c 4500 |
| 003 - Код на организацията, давaща контролен номер | |
| Контролно поле | BLK |
| 005 - Дата и час на последна редакция | |
| Контролно поле | 20180422120133.0 |
| 008 - Елементи от данни с фиксирана дължина | |
| fixed length control field | 180411b bul|||||r ||||||| ||bul|| |
| 010 ## - Наследен системен номер | |
| LC control number | KNG00205957000 |
| 040 ## - Източник на каталожния запис | |
| Идентификатор на билиотеката - собственик на записа | BLK |
| 041 ## - Код за език | |
| Код за езика на текст/звукозапис или на отделно заглавие | Български |
| Код за езика КДБФ | Български |
| 080 ## - УДК | |
| Текстов определител УДК | Френска литература |
| УДК код - определител по УДК | 821.133.1 |
| УДК определител | -14(082.2) |
| УДК - код + определител | 821.133.1-14(082.2) |
| 139 ## - Редно поле | |
| Редна дума | Снегът зеленина сънува |
| Авторски знак | Сн - С 48 |
| 245 10 - Сведения за заглавието | |
| Заглавие | Снегът зеленина сънува |
| Подзаглавни данни | Антология на провансал. лирика |
| Редно поле (дума) | подб., предг. и прев. Симеон Дончев Хаджикосев. |
| 257 ## - Страна на издаване | |
| Страна на създаване/издаване | България |
| 260 ## - Област на издателските данни | |
| -- | София |
| Име на издателя, разпространителя и проч. | Нар. култура |
| Година на издаване | 1990 |
| 300 ## - Физическа характеристика | |
| Страници | 176 с. |
| Размери/Мащаб | 21 см |
| 380 ## - Жанр | |
| Жанр | Худож. лит. |
| 490 1# - СЕРИИ (Колекции) | |
| Име на серия | Библиотека за европейска средновековна литература Ариел |
| 500 ## - Общи забележки | |
| Забележка | Прев. е направен от Les Troubadours, anthologie bilingue / Jacques Rouband. |
| 700 1# - Други автори (авторска отговорност) | |
| Лично име | Хаджикосев, Симеон Дончев |
| Автороска отговорност (Описва отношението между автора и произведението) | подб., предг. и прев. |
| 9 (RLIN) | 363366 |
| 852 ## - Местоположение | |
| Форматна сигнатура | Цб 164596 |
| 856 4# - Електронен адрес и достъп | |
| Електронен формат | pdf - файл |
| Път до файла /url/ | |
| 856 4# - Електронен адрес и достъп | |
| Електронен формат | pdf - файл |
| Път до файла /url/ | |
| 942 ## - АРТИКУЛИ | |
| Вид на библиотечния материал | Книги |
| Скрит в OPAC | Не |
| 944 ## - СЪЗДАВАНЕ И РЕДАКЦИЯ на ЗАПИСА | |
| Създаване/Редакция | Създаване |
| Дата на регистрацията/редакция | 10.05.2017 |
| Служител, извършил регистрацията/редакцията | Нора_Радева |
| 944 ## - СЪЗДАВАНЕ И РЕДАКЦИЯ на ЗАПИСА | |
| Създаване/Редакция | Редакция |
| Дата на регистрацията/редакция | 10.05.2017 |
| Служител, извършил регистрацията/редакцията | Нора_Радева |
| 999 ## - СИСТЕМНИ КОНТРОЛНИ НОМЕРА | |
| Koha biblionumber | 196684 |
| Koha biblioitemnumber | 196684 |
| Код за отписване | Код за изгубен артикул | Източник на класификационната схема | Код за повреда | Коз за рестрикции | Код за отдаване | Артикулен № | Име на библиотеката - собственик | Име на библиотеката, в която се намира в момента | Статус (Текущо местоположение) | Дата на вписване в системата | Местоположение - отдел | Цена в лева | Инвентарен номер | Систематично азбучна сигнатура | Баркод | Номер на екземпляра | Цена в евро | Служебна бележка | Служебен тип на артикула | Бележка за публиката |
|---|---|---|---|---|---|---|---|---|---|---|---|---|---|---|---|---|---|---|---|---|
| Не е изгубен | Universal Decimal Classification | Не е повреден | без рестрикции | ползва се в читалня | 342890 | Регионална библиотека "Любен Каравелов" Русе | Регионална библиотека "Любен Каравелов" Русе | Хранилище | 1990-01-01 | Хранилище | 2.05 | 541356 | Цб 164596 | 120000541356 | 1 | 1.05 | Вид: Сф Дата: 01.01.1990 | Книги | ||
| Изтеглен | Не е изгубен | Universal Decimal Classification | Не е повреден | без рестрикции | заемане за дома | 342891 | Регионална библиотека "Любен Каравелов" Русе | Регионална библиотека "Любен Каравелов" Русе | Заемна - подръчен фонд | 1990-01-01 | Заемна - подръчен фонд | 2.05 | 542943 | П 840-1/С 48 | 542943 | 2 | 1.05 | Вид: Сф Дата: 01.01.1990 | Книги | |
| Изтеглен | Не е изгубен | Не е повреден | без рестрикции | заемане за дома | 342892 | Регионална библиотека "Любен Каравелов" Русе | Регионална библиотека "Любен Каравелов" Русе | 1990-01-01 | Заемна - подръчен фонд | 2.05 | 542944 | П 840-1/С 48 | 542944 | 3 | 1.05 | Вид: Сф Дата: 01.01.1990 | Книги | Отч.N: 6/2018 , Дата: 22.01.2018 |